Estadísticas para Países del mundo por pistas

Haz click aquí para tomar la prueba!

Estadísticas generales

  • Esta prueba ha sido tomada 334 veces
  • La puntuación promedio es 72 de 196

Estadísticas de respuestas

PistasPaís% Correcto
Torre Eiffel, champán, NapoleónFrancia
100%
McDonald's, Abraham Lincoln, Estatua de la libertadEstados Unidos de América
96%
Pizza, mafia, RenacimientoItalia
96%
Mariachi, tacos, mayasMéxico
92%
Oktoberfest, Einstein, AudiAlemania
88%
Sushi, anime, samuráiJapón
87%
Fútbol, Big Ben, TéReino Unido
87%
Tibet, confucionismo, Mao ZedongChina
82%
Tapas, cerveza, siestaEspaña
81%
Feta, Platón, AcrópolisGrecia
80%
Hockey hielo, Quebec, Sirope de arceCanadá
79%
Vodka, Kremlin, SiberiaRusia
79%
Gandhi, Bollywood, hinduismoIndia
78%
Kebab, Santa Sofía, HammamTurquía
75%
Leo Messi, tango, PatagoniaArgentina
74%
Pirámides, Cleopatra, NiloEgipto
74%
Relojes, Mozart, esquíAustria
73%
Tulipanes, Barrio Rojo, Van GoghPaíses Bajos
73%
Amazonas, Fútbol, sambaBrasil
72%
Cocaína, Shakira, Pablo EscobarColombia
72%
Canguros, Gran Barrera de Coral, AC/DCAustralia
70%
Burj Khalifa, hotel de siete estrellas, petróleoEmiratos Árabes Unidos
69%
Machu Picchu, Cuzco, AndesPerú
69%
Crimea, Chernobyl, MaslenitsaUcrania
68%
K-Pop, Banjiha, KimchiCorea del Sur
67%
Vikingos, fiordos, aurora borealNoruega
66%
Terremotos, Pinochet, Pablo NerudaChile
65%
Chopin, Auschwitz, zlotyPolonia
65%
ABBA, Ikea, VolvoSuecia
62%
Jazz, Fidel Castro, béisbolCuba
61%
Roger Federer, Heidi, NestléSuiza
61%
La Meca, monarquía absoluta, Bin LadenArabia Saudita
60%
Bob Marley, Usain Bolt, ReggaeJamaica
60%
Casablanca, Cuscús, HachísMarruecos
60%
Arroz, tsunami, SiamTailandia
60%
Petra, Mar Muerto, Río JordánJordania
59%
Transilvania, vampiros, Nadia ComăneciRumanía
59%
Pirineos, catalán, evasión de impuestosAndorra
58%
St. Patricks, Guiness, acantiladosIrlanda
58%
Mate, marihuana, MujicaUruguay
58%
Rugby, Mandela, ZuluSudáfrica
55%
Kiwi, All Blacks, El Señor de los AnillosNueva Zelanda
54%
Chocolate, Unión Europea, FlandesBélgica
53%
Basílica de San Pedro, Papa, RomaCiudad del Vaticano
53%
Viet Cong, Indochina, NanyueVietnam
53%
Península, gas natural, Mundial de Fútbol de 2022Catar
52%
Aceite de palma, Java, BaliIndonesia
52%
Azores, Algarve, mariscosPortugal
51%
Dalmacia, Dubrovnik, Nikola TeslaCroacia
50%
Lego, Hamlet, JutlandiaDinamarca
50%
Taipei 101, Ang Lee, matemáticasTaiwán
50%
Cartago, Sáhara, MediterráneoTúnez
50%
Comunismo, Kim Jong-un, militaresCorea del Norte
49%
Andes, flauta de pan, Evo MoralesBolivia
47%
Sauna, Nokia, RäikkönenFinlandia
46%
Canal, Caribe, DariénPanamá
46%
Zagros, Isfahán, Imperio PersaIrán
44%
Geyser, glaciar, BjörkIslandia
44%
Bohemia, Capilla de los huesos, ŠkodaRepública Checa
44%
Franz Liszt, waterpolo, DanubioHungría
43%
Orangután, Malaca, Torres PetronasMalasia
43%
Yeti, Everest, Siddharta GautamaNepal
43%
Águila bicéfala, islam, BalcanesAlbania
41%
Bereber, Sáhara, ZidaneArgelia
41%
Biodiversidad, Chimborazo, GalápagosEcuador
41%
Jesucristo, Judaismo, GazaIsrael
41%
Guaraní, tereré, ParanáParaguay
41%
Dakar, río Gambia, francésSenegal
41%
Tortugas, playa, Keylor NavasCosta Rica
39%
Operación Atila, Grecia y Turquía, APOELChipre
38%
Indochina, jungla, Pha Thuat LangLaos
38%
Fórmula 1, Montecarlo, Alberto IIMónaco
37%
Reggaeton, bananas, BávaroRepública Dominicana
37%
Mediterráneo, Cruz de ocho puntas, Orden de San JuanMalta
36%
Gengis Khan, caballos, GobiMongolia
36%
Budismo, Himalaya, Dalái lamaBután
35%
Ankhor, Jemeres rojos, budismoCamboya
35%
Uruk, Mesopotámia, Saddam HusseinIrak
35%
Yugoslavia, Guerra en 1998-1999, Dua LipaKosovo
35%
Baloncesto, Bàltico, MildaLituania
35%
Salto del Àngel, Maduro, petróleoVenezuela
35%
Atlantis, playas, NasaúBahamas
34%
Rus Blanca, Unión Soviética, SkyWayBielorrusia
34%
Bàltico, Rally, Jaan KaplinskiEstonia
34%
Golfo de Riga, Estrecho de Irbe, CēsisLetonia
34%
Alejandro Magno, Balcanes, Cruz del MilenioMacedonia del Norte
34%
Caucaso, Mar Negro, CólquidaGeorgia
33%
Nikola Jokić, Balcanes, dinarSerbia
33%
Serengeti, Kilimanjaro, ZanzíbarTanzania
33%
Osos, Guerra de los diez días, Melania TrumpEslovenia
32%
Biskek, Tian Shan, kirgizKirguistán
32%
Rumano, Transnistria, DniésterMoldavia
32%
Palawan, billar, Imperio españolFilipinas
31%
Español, Golfo de Guinea, junglaGuinea Ecuatorial
31%
Brazzaville, Golfo de Guinea, Río CongoRepública del Congo
31%
Ciudad-estado, Jardines de la Bahía, Península de MalacaSingapur
31%
Guerra civil, ISIS, PalmiraSiria
31%
Piratas, desierto, Cuerno de AfricaSomalia
31%
Bengalí, delta del Ganges, kabbadiBangladés
30%
Musala, Danubio, TraciaBulgaria
30%
Enclave, Estado soberano más antiguo, ApeninosSan Marino
30%
Islas, Rihana, tridenteBarbados
29%
Guerra con Etiopía, Mar Rojo, italianoEritrea
29%
Tikal, cardemomo, quetzalGuatemala
29%
La Española, francés, pobrezaHaití
29%
Estado insular, Fórmula 1, desiertoBaréin
28%
Acra, Africa Occidental, ashantiGhana
28%
Monte Ararat, Kardashian, ajedrezArmenia
27%
Sabana, Masai, atletismoKenia
27%
Bantú, Maputo, Lago MalawiMozambique
27%
Dunas gigantes, Etosha, NamibNamibia
27%
K2, urdú, Río IndoPakistán
27%
Bosques, Imperio neerlandés, GuayanasSurinam
27%
Islas, Venezuela, Puerto EspañaTrinidad y Tobago
27%
Zambeze, sabana, MugabeZimbabue
27%
Yoruba, Boko Haram, NollywoodNigeria
26%
Pájaros del paraíso, tribus canibales, media islaPapua Nueva Guinea
26%
Darfur, Nilo, NubiaSudán
26%
Gorilas, El último rey de Escocia, Lago VictoriaUganda
26%
Mina terrestre, Džeko, MostarBosnia y Herzegovina
25%
Sultanato, Borneo, Omar Ali SaifuddienBrunéi
25%
Ciclón Gonu, Arabia, dhowOmán
25%
Islas, Antillas, SantaSanta Lucía
25%
Caribe, Centroamérica, inglésBelice
24%
Drogba, Alpha Blondy, cacaoCosta de Marfil
24%
Conakri, Africa occidental, aluminioGuinea
24%
Georgetown, suicidios, junglaGuyana
24%
Ciudad, Golfo Pérsico, desiertoKuwait
24%
Lémures, Baobab, deforestaciónMadagascar
24%
Aung San Suu Kyi, Rangún, rohinyásMyanmar
24%
Diamante de sangre, Freetown, ébolaSierra Leona
24%
Cuerno de África, Lago Assal, Golfo de AdénYibuti
24%
Aubameyang, Primates, LibrevilleGabón
23%
Monrovia, George Weah, ébolaLiberia
23%
Subida del nivel del mar, Oceáno Índico, playasMaldivas
23%
Golfo de Bengala, sinhala, Puente de AdánSri Lanka
23%
Independencia del 2011, Yuba, SuddSudán del Sur
23%
Tetun, Mar de Savu, IndonesiaTimor Oriental
23%
Azerí, Absheron, Volcanes de lodoAzerbaiyán
22%
Cárpatos, Revolución de Terciopelo, Bryndzové haluškyEslovaquia
22%
Alpes, principado, paraíso fiscalLiechtenstein
22%
Zaire, Mutombo, coltánR. D. del Congo
22%
Eto'o, bantú, Golfo de BiafraCamerún
21%
Volcanes, Mara Salvatrucha, pupusaEl Salvador
21%
Altai, Borad, NursultanKazajistán
21%
Skype, ducado, Enrique de Nassau-WeilburgLuxemburgo
21%
Adriàtico, waterpolo, Nicolás IMontenegro
21%
Costa de Mosquitos, Caribe, volcanesNicaragua
21%
Guerra civil, Mar Rojo, SocotraYemen
21%
Criollo portugués, morna, AtlánticoCabo verde
20%
Piratas del Caribe, Isla, RoseauDominica
20%
Fenicia, cedro, refugiadosLíbano
20%
Golfo de Guinea, Eyadéma, LoméTogo
20%
Càspio, Desierto de Karakum, Ruta de la SedaTurkmenistán
20%
Desierto, Gadafi, Golfo de SidraLibia
19%
Desierto, Niamey, uranioNíger
19%
Valle de Ferganá, Dusambé, PamirTayikistán
19%
Estepa asiática, Mar de Aral, Dinastía timúridaUzbekistán
19%
Uagadugú, lengua mossi, Imperio songhaiBurkina Faso
18%
Desierto, lago, nombre cortoChad
18%
Obesidad, atolón, PacíficoNauru
18%
Polinesios, playas, ApiaSamoa
17%
Caribe, Islas, KingstownSan Vicente y las Granadinas
17%
Cocos, Funafuti, canoaTuvalu
17%
Hindu Kush, Talibán, Budas de BāmiyānAfganistán
16%
Kalahari, Delta del Okavango, diamantesBotsuana
16%
Volcanes, Islam, MoroniComoras
16%
Río, Banjul, artesaníaGambia
16%
Honiara, Islas, MelanesiaIslas Salomón
16%
Basseterre, Antillas, SotaventoSan Cristóbal y Nieves
16%
Oceano Indico, palmeras, VictòriaSeychelles
16%
Río Niger, Golfo de Guinea, vudúBenín
15%
Lago Tanganica, Gitega, KirundiBurundi
15%
Isla, Antillas, Saint GeorgeGranada
15%
Dodo, hinduismo, islasMauricio
15%
Esclavitud, Sáhara, ÁrabeMauritania
15%
Coral, Pacífico, NgerulmudPalaos
15%
Hutu, Tutsi, ximpanzesRuanda
15%
Port Vila, Islas, PacíficoVanuatu
15%
Polinesia, cocotero,Tarawa SurKiribati
14%
Polinesios, Rugby, playasFiyi
13%
Majuro, Pacífico, tifonesIslas Marshall
13%
Lago, sabana, LilongüeMalaui
13%
Mswati III, Mbabane, UmhlangaSuazilandia
13%
Montañas Simen, Unión Africana, Iglesia coptaEtiopía
12%
Guerra civil 1998, África Occidental, portuguésGuinea-Bisáu
12%
Mezquita de barro, tuareg, koraMalí
12%
Bangui, Jungla, mineralesRepública Centroafricana
12%
Cataratas Victoria, griafas, Rodesia del NorteZambia
12%
Caribe, Cristóbal Colón, velocistasAntigua y Barbuda
10%
Golfo de Biafra, equador, portuguésSanto Tomé y Príncipe
10%
Drakensberg, Basutolandia, Energia renovableLesoto
8%
Mormones, Rugby, islasTonga
6%
Islas, Pohnpei, piedras raiEstados Federados de Micronesia
5%
Francisco Morazán, Caribe, Islas de la BahíaHonduras
5%
Mirador de la Luna, bantú, mascaras tradicionales africanasAngola
4%

Distribución de puntuación

Porcentaje por número respondido

Porcentaje de gente con cada puntuación

Historial de tus puntuaciones

No has tomado esta prueba